000 00279 a2200097 4500
082 _a690.023 MAN
100 _aManrai,P.K.
245 _aA Book of Building Construction Technology [vol-2] /
_cP.K.Manrai
260 _aNew Delhi :
_cSatya Prakashan,
_b1997
300 _a109p. :
_bill . ;
_c27cm
650 _abuilding
999 _c1783
_d1783